Introduction to Fluid Mechanics and Fluid Machines (Record no. 5316)

MARC details
000 -LEADER
fixed length control field 00548nam a2200181Ia 4500
003 - CONTROL NUMBER IDENTIFIER
control field SGT
020 ## - INTERNATIONAL STANDARD BOOK NUMBER
International Standard Book Number 9780070667624
082 ## - DEWEY DECIMAL CLASSIFICATION NUMBER
Classification number 620.106
Item number SOM
100 ## - MAIN ENTRY--PERSONAL NAME
Personal name Som,S.K.
245 ## - TITLE STATEMENT
Title Introduction to Fluid Mechanics and Fluid Machines
250 ## - EDITION STATEMENT
Edition statement 2nd Rev. Ed.
260 ## - PUBLICATION, DISTRIBUTION, ETC. (IMPRINT)
Name of publisher, distributor, etc Tata McGraw Hill Education Private Limited
Place of publication, distribution, etc New Delhi
Year of Publication 2011
300 ## - PAGE DESCRIPTION
No. of Pages 712p.
650 ## - SUBJECT ADDED ENTRY--TOPICAL TERM
Topical term or geographic name as entry element ENGINEERING MECHANICS
653 ## - KEYWORDS--INDEX TERM
Keyword term INTRODUCTION AND FUNDAMENTAL CONCEPT, FLUID STATICS, KINEMATICS OF FLUID, FLOW OF IDEAL FLUIDS,
700 ## - ADDED ENTRY--PERSONAL NAME
Personal name Biswas,G
942 ## - ADDED ENTRY ELEMENTS (KOHA)
Source of classification or shelving scheme Dewey Decimal Classification
Koha item type Books
Holdings
Withdrawn status Lost status Source of classification or shelving scheme Damaged status Not for loan Collection code Home library Current library Shelving location Date acquired SGTU Full call number Accession No. (Barcode) Date last seen Bill Date Koha item type Total Checkouts Total Renewals Date last borrowed
    Dewey Decimal Classification   Not For Loan ENGINEERING SGT Engineering Library SGT Engineering Library Reference Book 02/07/2011 SGTU 620.106 SOM FE3941 09/02/2015 09/02/2015 Books      
    Dewey Decimal Classification       SGT Engineering Library SGT Engineering Library   02/07/2011 SGTU 620.106 SOM FE3942 05/03/2018 09/02/2015 Books 4 1 05/03/2018
    Dewey Decimal Classification       SGT Engineering Library SGT Engineering Library   02/07/2011 SGTU 620.106 SOM FE3943 30/01/2019 09/02/2015 Books 6 6 16/01/2019